Normal view
MARC view
- ادارة محلية - الأردن -- ادارة محلية - فرنسا
Entry Topical Term
001 - CONTROL NUMBER
- control field: 21183
003 - CONTROL NUMBER IDENTIFIER
- control field: JO-AjAnu
005 - DATE AND TIME OF LATEST TRANSACTION
- control field: 20230606073656.0
008 - FIXED-LENGTH DATA ELEMENTS
- fixed length control field: 230606|| aca||aabn | a|a d
040 ## - CATALOGING SOURCE
- Original cataloging agency: JO-AjAnu
- Transcribing agency: JO-AjAnu
150 ## - HEADING--TOPICAL TERM
- Topical term or geographic name entry element: ادارة محلية - الأردن -- ادارة محلية - فرنسا
670 ## - SOURCE DATA FOUND
- Source citation: Work cat.: (JO-AjAnu)10883: شطناوي ، علي خطار, author 21182, الإدارة المحلية وتطبيقاتها في الأردن وفرنسا